[Event "SVK 3.liga A2"]
[Site "?"]
[Date "2019.10.20"]
[Round "2.4"]
[White "Hornak, Pavol"]
[Black "Dest, Stanislav"]
[Result "1-0"]
[WhiteElo "1742"]
[BlackElo "1539"]
[PlyCount "178"]
[EventDate "2019.10.06"]

1. d4 d5 2. c4 e6 3. Nf3 Nf6 4. g3 Nbd7 5. b3 Be7 6. Bg2 O-O 7. O-O b6 8. cxd5
exd5 9. Bb2 Bb7 10. Nc3 Re8 11. Rc1 Rc8 12. Ne5 a6 13. e3 Bd6 14. Nf3 Nf8 15.
Nh4 Qd7 16. Qc2 g6 17. Nf3 Qd8 18. Rfe1 Ne6 19. Qd1 c6 20. Re2 Rc7 21. Rec2 Qe7
22. Na4 Nd7 23. Ne1 b5 24. Nc3 Nf6 25. Nd3 Rec8 26. Ne2 h5 27. Nc5 Nxc5 28.
dxc5 Be5 29. Nd4 Rd8 30. Bc3 Re8 31. f4 Bxd4 32. Bxd4 Bc8 33. h3 Bf5 34. Re2
Ne4 35. Kh2 h4 36. g4 Bc8 37. Bb2 Ng3 38. Qd4 f6 39. Ree1 Rf8 40. e4 dxe4 41.
Bxe4 Nxe4 42. Rxe4 Qd7 43. Rd1 Qf7 44. Ree1 Rd7 45. Qc3 Rxd1 46. Rxd1 Be6 47.
Rd6 Qe8 48. Qe3 Bd5 49. Qxe8 Rxe8 50. Bxf6 Re2+ 51. Kg1 Rxa2 52. Bxh4 Rg2+ 53.
Kf1 Rh2 54. Rxg6+ Kh7 55. f5 Rxh3 56. Bf6 Rf3+ 57. Ke2 Rg3 58. Kf2 Rf3+ 59. Ke2
Rg3 60. Be5 Rxb3 61. Rg7+ Kh6 62. g5+ Kh5 63. f6 Rf3 64. g6 Rf5 65. Bc3 Bc4+
66. Kd2 Rd5+ 67. Ke1 Kh6 68. f7 Rf5 69. Rg8 Bxf7 70. gxf7 Rxf7 71. Rc8 Re7+ 72.
Kd2 Re6 73. Ra8 Kg6 74. Rxa6 Kf5 75. Kd3 Rh6 76. Ba5 Re6 77. Bb6 Ke5 78. Ra8
Kf5 79. Rf8+ Kg6 80. Kd4 Kg7 81. Rf1 Kg6 82. Bc7 Kh5 83. Rg1 Kh4 84. Bd6 Kh5
85. Rg8 Kh6 86. Rc8 Rg6 87. Rxc6 Rg4+ 88. Kd3 Kh5 89. Rb6 b4 1-0

[Event "SVK 3.liga A2"]
[Site "?"]
[Date "2019.10.20"]
[Round "2.5"]
[White "Lanc, Alois"]
[Black "Takacs, Laszlo"]
[Result "0-1"]
[WhiteElo "2284"]
[BlackElo "2249"]
[PlyCount "88"]
[EventDate "2019.10.06"]

1. e4 c5 2. Nf3 d6 3. d4 cxd4 4. Nxd4 Nf6 5. Nc3 g6 6. Be3 Bg7 7. f3 O-O 8. Qd2
Nc6 9. Bc4 Bd7 10. Bb3 Qa5 11. g4 Rfc8 12. Nxc6 bxc6 13. O-O-O c5 14. e5 c4 15.
exf6 cxb3 16. axb3 Bxf6 17. Kb1 Rxc3 18. Qe1 Rac8 19. Bd4 R8c6 20. Bxf6 Ra6 21.
Kc1 Rxf3 22. Qxa5 Rxa5 23. Bxe7 Bxg4 24. Kb1 d5 25. b4 Rb5 26. Ka2 Bf5 27. Rd2
Be4 28. Re1 f5 29. b3 a5 30. bxa5 Rxa5+ 31. Kb2 Kf7 32. b4 Ra8 33. Bc5 Rfa3 34.
Re3 Ra2+ 35. Kc3 f4 36. Ree2 f3 37. Rf2 Ke6 38. Kd4 g5 39. c3 Ra1 40. b5 R1a4+
41. Ke3 Rc8 42. Bd4 Rxd4 43. Rxd4 Rxc3+ 44. Kd2 Rb3 0-1

[Event "SVK 3.liga A2"]
[Site "?"]
[Date "2019.10.20"]
[Round "2.5"]
[White "Cibulka, Vladimir"]
[Black "Arendas, Marek"]
[Result "1-0"]
[WhiteElo "2136"]
[BlackElo "2121"]
[PlyCount "103"]
[EventDate "2019.10.06"]

1. e4 c5 2. c3 g6 3. d3 Bg7 4. g3 d6 5. Bg2 Nc6 6. f4 e5 7. Nf3 Nge7 8. O-O O-O
9. Be3 Bg4 10. h3 Bd7 11. Nbd2 Qc8 12. g4 f5 13. gxf5 gxf5 14. fxe5 Nxe5 15.
Nxe5 dxe5 16. Bg5 Nc6 17. exf5 Bxf5 18. Ne4 Qe6 19. Qb3 c4 20. Qxc4 Qxc4 21.
dxc4 Be6 22. b3 h6 23. Rxf8+ Bxf8 24. Be3 Rd8 25. Kf2 Kf7 26. Ke2 Be7 27. Rf1+
Kg7 28. Nc5 Bc8 29. Rg1 Kh8 30. Nd3 Bf5 31. Nf2 Rd6 32. Be4 Bc8 33. c5 Rf6 34.
Ng4 Bxg4+ 35. Rxg4 Nd8 36. Rg1 Ne6 37. b4 Nd8 38. Rd1 Ra6 39. Bd5 Kg7 40. Rg1+
Rg6 41. Rxg6+ Kxg6 42. Kf3 Bh4 43. Ke4 Be1 44. Kd3 h5 45. b5 Bg3 46. Ke4 Be1
47. c4 Kf6 48. a4 Ba5 49. Bf2 Nf7 50. Bxf7 Kxf7 51. Kxe5 Bc7+ 52. Kf5 1-0

[Event "SVK 3.liga A2"]
[Site "?"]
[Date "2019.10.20"]
[Round "2.5"]
[White "Nicolini, Alexander"]
[Black "Blaho, Stefan"]
[Result "1-0"]
[WhiteElo "2150"]
[BlackElo "2058"]
[PlyCount "61"]
[EventDate "2019.10.06"]

1. e4 d6 2. d4 Nf6 3. Nc3 Nbd7 4. Nf3 c5 5. Bc4 cxd4 6. Nxd4 g6 7. Qe2 Bg7 8.
Be3 a6 9. f3 b5 10. Bb3 Bb7 11. Qf2 b4 12. Nd5 Nxd5 13. exd5 Rc8 14. Qd2 Qa5
15. a3 Nc5 16. Ba2 Qa4 17. Qxb4 a5 18. Qxa4+ Nxa4 19. O-O-O O-O 20. c3 Nxc3 21.
bxc3 Rxc3+ 22. Kd2 Rxa3 23. Bc4 Rc8 24. Rc1 Ra4 25. Nc6 Bxc6 26. dxc6 e6 27.
Ba6 Ra2+ 28. Kd1 Bb2 29. Bxc8 Bxc1 30. Bxc1 Ra4 31. Ba6 1-0

[Event "SVK 3.liga A2"]
[Site "?"]
[Date "2019.10.20"]
[Round "2.5"]
[White "Viczencz, Peter"]
[Black "Gabris, Ondrej"]
[Result "0-1"]
[WhiteElo "1995"]
[BlackElo "2173"]
[PlyCount "76"]
[EventDate "2019.10.06"]

1. e4 d5 2. exd5 Nf6 3. Bb5+ Bd7 4. Be2 Bf5 5. d4 Nxd5 6. c4 Nb4 7. Na3 e5 8.
Be3 exd4 9. Qxd4 Qxd4 10. Bxd4 N8c6 11. Nf3 O-O-O 12. Rd1 Re8 13. Be3 Nxa2 14.
O-O Bxa3 15. Ra1 Bxb2 16. Rxa2 Bf6 17. h3 h5 18. Re1 a6 19. Ra4 Bc2 20. Ra3 Bf5
21. Ra4 Rd8 22. c5 Rhe8 23. Kh2 Bd3 24. Bxd3 Rxd3 25. Rb1 Red8 26. Kg3 R8d5 27.
Kh2 Rd1 28. Rb3 R5d3 29. Rxd3 Rxd3 30. Re4 Kd7 31. g4 hxg4 32. hxg4 Rd5 33. g5
Be7 34. g6 fxg6 35. Rg4 Rf5 36. Kg2 Rxf3 37. Kxf3 Ne5+ 38. Kg3 Nxg4 0-1

[Event "SVK 3.liga A2"]
[Site "?"]
[Date "2019.10.20"]
[Round "2.5"]
[White "Szitkey, Milan"]
[Black "Bugar, Peter"]
[Result "1-0"]
[WhiteElo "2057"]
[BlackElo "1974"]
[PlyCount "101"]
[EventDate "2019.10.06"]

1. e4 e6 2. d4 d5 3. Nd2 c5 4. Ngf3 cxd4 5. exd5 Qxd5 6. Bc4 Qd6 7. O-O Nf6 8.
Nb3 Nc6 9. Nbxd4 Nxd4 10. Nxd4 a6 11. Bb3 Qc7 12. Bg5 Be7 13. c3 O-O 14. Qf3 b5
15. Qxa8 Bb7 16. Qa7 Bc5 17. Bf4 Qc8 18. Qb8 Qxb8 19. Bxb8 Rxb8 20. Rad1 Nh5
21. Rfe1 Nf4 22. g3 Nh3+ 23. Kf1 Ng5 24. Re5 Be7 25. Re3 Bd5 26. Bc2 Bc5 27. h4
Nf3 28. Be4 Nh2+ 29. Kg2 Ng4 30. Ree1 Nf6 31. Bxd5 Nxd5 32. Nc6 Rc8 33. Ne5 h5
34. Re2 Rd8 35. Red2 g6 36. b3 Rc8 37. c4 Nc3 38. Rd8+ Rxd8 39. Rxd8+ Kg7 40.
Rd7 Nxa2 41. Rxf7+ Kg8 42. cxb5 axb5 43. Rb7 b4 44. Nxg6 Nc1 45. Ne5 Nxb3 46.
Nd3 Bd6 47. Nxb4 Nc5 48. Rb6 Be7 49. Na6 Kf7 50. Nxc5 Bxc5 51. Rb5 1-0

[Event "SVK 3.liga A2"]
[Site "?"]
[Date "2019.10.20"]
[Round "2.5"]
[White "Simonics, Peter"]
[Black "Felcir, Jaroslav"]
[Result "1-0"]
[WhiteElo "2072"]
[BlackElo "2159"]
[PlyCount "54"]
[EventDate "2019.10.06"]

1. e4 e5 2. Nf3 Nc6 3. Nc3 Nf6 4. Bb5 d6 5. d4 exd4 6. Nxd4 Bd7 7. O-O Be7 8.
f4 O-O 9. Be2 Nxd4 10. Qxd4 Bc6 11. Bf3 Nd7 12. Nd5 Bxd5 13. Qxd5 c6 14. Qc4
Qb6+ 15. Kh1 Rad8 16. Qe2 Nc5 17. c3 Qa6 18. Qxa6 Nxa6 19. Be3 b6 20. a4 Nc5
21. b4 Nd7 22. a5 Ra8 23. e5 d5 24. b5 cxb5 25. Bxd5 Rad8 26. axb6 Nxb6 27. Bc6
b4 1-0

[Event "SVK 3.liga A2"]
[Site "?"]
[Date "2019.10.20"]
[Round "2.5"]
[White "Sturdik, Igor"]
[Black "Matis, Tibor"]
[Result "1/2-1/2"]
[WhiteElo "1971"]
[BlackElo "1875"]
[PlyCount "77"]
[EventDate "2019.10.06"]

1. e4 c5 2. Nf3 Nc6 3. d4 cxd4 4. Nxd4 e5 5. Nb5 d6 6. N1c3 a6 7. Na3 b5 8. Nd5
Nf6 9. Bg5 Be7 10. Bxf6 Bxf6 11. c3 O-O 12. Bd3 Bg5 13. Nc2 Be6 14. Nce3 Bxe3
15. Nxe3 Ne7 16. Qh5 g6 17. Qh6 Kh8 18. Qg5 f6 19. Qg3 f5 20. Qh4 Qd7 21. O-O
f4 22. Nd5 Nxd5 23. exd5 Bxd5 24. f3 Qe6 25. a4 Bc4 26. Rfd1 d5 27. Bxc4 bxc4
28. Qf2 Rab8 29. Rd2 Rfd8 30. g3 fxg3 31. hxg3 Kg7 32. Kg2 Rb7 33. Re1 Qf6 34.
Qe3 Re8 35. Qc5 Rd7 36. Qe3 Rde7 37. Qc5 Rd8 38. Qe3 Rde8 39. Qc5 1/2-1/2

[Event "SVK 3.liga A2"]
[Site "?"]
[Date "2019.10.20"]
[Round "2.5"]
[White "Mezes, Kristof"]
[Black "Doucha, Ludvig"]
[Result "1-0"]
[WhiteElo "1603"]
[BlackElo "1828"]
[PlyCount "81"]
[EventDate "2019.10.06"]

1. d4 Nf6 2. c4 c5 3. e3 g6 4. Nc3 cxd4 5. exd4 Bg7 6. Nf3 O-O 7. Be2 d6 8. O-O
b6 9. b4 Bb7 10. Bb2 Nbd7 11. Rc1 a6 12. Na4 Rc8 13. c5 b5 14. Nc3 d5 15. a4
bxa4 16. Nxa4 Ne4 17. Nc3 Nxc3 18. Rxc3 Nb8 19. Ra3 f6 20. Re1 Re8 21. Bf1 e6
22. Qb3 Re7 23. Bc1 g5 24. Nxg5 fxg5 25. Bxg5 Qc7 26. Bxe7 Qxe7 27. Qh3 Re8 28.
Rg3 Kh8 29. Bd3 Bxd4 30. Rxe6 Bxf2+ 31. Kh1 Bxg3 32. Rxe7 Rxe7 33. Qxg3 Nc6 34.
Qf2 Kg7 35. h3 d4 36. Qg3+ Kh8 37. Qf4 Kg7 38. Qh4 Kf8 39. Bxh7 Ke8 40. Be4 Rd7
41. Bg6+ 1-0

[Event "SVK 3.liga A2"]
[Site "?"]
[Date "2019.10.20"]
[Round "2.6"]
[White "Horak, Ivan"]
[Black "Cajka, Tibor"]
[Result "0-1"]
[WhiteElo "2029"]
[BlackElo "2113"]
[PlyCount "104"]
[EventDate "2019.10.06"]

1. e4 g6 2. d4 Bg7 3. c4 c5 4. d5 Nf6 5. Nc3 O-O 6. Bd3 d6 7. f3 a6 8. Be3 Qa5
9. Bd2 Nbd7 10. Qc2 Ne5 11. Nge2 Nxd3+ 12. Qxd3 Nd7 13. b3 Qc7 14. Rc1 Qb8 15.
a4 b6 16. O-O Ne5 17. Qc2 Bd7 18. h3 f5 19. Bg5 Re8 20. f4 Nf7 21. Bh4 Nh6 22.
Ng3 Qb7 23. Rce1 fxe4 24. Ncxe4 b5 25. axb5 axb5 26. Ng5 Nf5 27. Nxf5 Bxf5 28.
Qe2 bxc4 29. bxc4 Ra3 30. g4 Bd4+ 31. Bf2 Bd7 32. Bxd4 cxd4 33. f5 d3 34. Qd2
Qa7+ 35. Rf2 gxf5 36. Ne6 Bxe6 37. Rxe6 Qd4 38. Qg5+ Kh8 39. Qh5 Raa8 40. Rh6
Ra1+ 41. Kg2 Qe4+ 42. Kg3 Qe3+ 43. Kg2 Qe4+ 44. Kg3 f4+ 45. Kh4 Raa8 46. Qf5
Qxf5 47. gxf5 Ra4 48. Rd2 Rxc4 49. Rxd3 Rf8 50. Re6 Rxf5 51. Rxe7 f3+ 52. Kg3
f2 0-1

[Event "SVK 3.liga A2"]
[Site "?"]
[Date "2019.10.20"]
[Round "2.6"]
[White "Nemeckay, Rastislav"]
[Black "Sefcik, Marek"]
[Result "1/2-1/2"]
[WhiteElo "1922"]
[BlackElo "2010"]
[PlyCount "25"]
[EventDate "2019.10.06"]

1. e4 c6 2. d4 d5 3. exd5 cxd5 4. Bd3 Nc6 5. c3 Qc7 6. h3 Nf6 7. Nf3 e6 8. O-O
Bd6 9. Re1 h6 10. Qe2 a6 11. a4 Na5 12. Nbd2 Bd7 13. Ne5 1/2-1/2

[Event "SVK 3.liga A2"]
[Site "?"]
[Date "2019.10.20"]
[Round "2.6"]
[White "Jakubec, Milan"]
[Black "Diviak, Rastislav"]
[Result "1/2-1/2"]
[WhiteElo "1978"]
[BlackElo "1997"]
[PlyCount "32"]
[EventDate "2019.10.06"]

1. e4 d6 2. d4 Nf6 3. Bd3 g6 4. Nf3 Bg7 5. c3 O-O 6. Bg5 Nbd7 7. Qd2 c6 8. Bh6
e5 9. O-O Re8 10. Bxg7 Kxg7 11. Re1 Nf8 12. dxe5 dxe5 13. Bc4 Qc7 14. Na3 b5
15. Bb3 Be6 16. Rad1 Rad8 1/2-1/2

[Event "SVK 3.liga A2"]
[Site "?"]
[Date "2019.10.20"]
[Round "2.6"]
[White "Spacek, Marcel"]
[Black "Zlamal, Marek"]
[Result "1-0"]
[WhiteElo "1806"]
[BlackElo "1860"]
[PlyCount "135"]
[EventDate "2019.10.06"]

1. e4 e5 2. Nf3 Nc6 3. c3 Nf6 4. Bd3 Be7 5. O-O d6 6. h3 O-O 7. Bc2 d5 8. exd5
Nxd5 9. Re1 Bd6 10. d4 exd4 11. Nxd4 Nxd4 12. Qxd4 h6 13. Nd2 Nf6 14. Nc4 Be7
15. Qe5 Be6 16. Ne3 Qd6 17. Nf5 Bxf5 18. Qxf5 Qc5 19. Qf3 c6 20. b4 Qd6 21. Bf4
Qd7 22. Rad1 Qe8 23. Bd6 Bxd6 24. Rxe8 Nxe8 25. Qf5 g6 26. Qg4 Be5 27. Bxg6
fxg6 28. Qe6+ Rf7 29. Qxe5 Nf6 30. Qe3 Kg7 31. c4 a6 32. Rd6 Re8 33. Qd3 Ree7
34. g4 Ne4 35. Qd4+ Kh7 36. Rd8 Nf6 37. f3 g5 38. Qd3+ Kg7 39. Kg2 Nd7 40. Qd4+
Ne5 41. a4 Rxf3 42. b5 Rf4 43. Qd6 Ng6 44. Rd7 Nh4+ 45. Kg1 Nf3+ 46. Kh1 Rxd7
47. Qxd7+ Rf7 48. bxc6 bxc6 49. Qxc6 Nh4 50. Qxa6 Rf1+ 51. Kh2 Rf2+ 52. Kg1 Rf6
53. Qa7+ Kg6 54. c5 h5 55. gxh5+ Kf5 56. Qd7+ Kf4 57. Qg4+ Ke3 58. Qxg5+ Rf4
59. Qe5+ Re4 60. Qc3+ Kf4 61. Kf2 Nf5 62. c6 Nd4 63. c7 Nc6 64. Qxc6 Kg5 65.
Qg6+ Kh4 66. Qxe4+ Kxh3 67. c8=Q+ Kh2 68. Qg2# 1-0

[Event "SVK 3.liga A2"]
[Site "?"]
[Date "2019.10.20"]
[Round "2.6"]
[White "Stehlik, Jan"]
[Black "Diviak, Rudolf"]
[Result "1-0"]
[WhiteElo "1638"]
[BlackElo "1783"]
[PlyCount "81"]
[EventDate "2019.10.06"]

1. e4 d6 2. d4 g6 3. f4 Bg7 4. Nf3 Nf6 5. Bd3 O-O 6. O-O Nc6 7. c3 Bg4 8. h3
Bd7 9. f5 Qc8 10. Qc2 Nh5 11. g4 Nf6 12. Bf4 e6 13. Bh2 Ne7 14. g5 Nxe4 15.
Bxe4 exf5 16. Bd3 Nd5 17. Qf2 f4 18. h4 Bh3 19. Rc1 Qg4+ 20. Kh1 Rae8 21. Ng1
Re3 22. Be2 Qf5 23. Nxh3 Rxh3 24. Bf1 Re3 25. Nd2 Rfe8 26. Re1 h6 27. Rxe3 fxe3
28. Qxf5 gxf5 29. Nf3 e2 30. Bg2 Ne3 31. Ne1 f6 32. Bf4 Nxg2 33. Kxg2 Re4 34.
Kf3 h5 35. Nd3 Kf7 36. Re1 Kg6 37. Rxe2 d5 38. Nc5 Rxe2 39. Kxe2 fxg5 40. Bxg5
Bf8 41. Nxb7 1-0

[Event "SVK 3.liga A2"]
[Site "?"]
[Date "2019.10.20"]
[Round "2.6"]
[White "Skapik, Branislav"]
[Black "Benak, Peter"]
[Result "1/2-1/2"]
[WhiteElo "1757"]
[BlackElo "1625"]
[PlyCount "45"]
[EventDate "2019.10.06"]

1. e4 e5 2. Nf3 Nf6 3. Nc3 Nc6 4. Bc4 Bc5 5. d3 h6 6. O-O O-O 7. a3 d6 8. h3 a6
9. Qe1 b5 10. Bd5 Nxd5 11. exd5 Nd4 12. Nxd4 Bxd4 13. Be3 Re8 14. Qd1 Bb7 15.
Bxd4 exd4 16. Ne2 Bxd5 17. Nxd4 Qg5 18. Qg4 Qxg4 19. hxg4 g6 20. Rfe1 c5 21.
Ne2 Kf8 22. Nc3 Bc6 23. Ne4 1/2-1/2

[Event "SVK 3.liga A2"]
[Site "?"]
[Date "2019.10.20"]
[Round "2.6"]
[White "Svrcek, Daniel"]
[Black "Hrdlicka, Martin"]
[Result "0-1"]
[WhiteElo "1424"]
[BlackElo "1619"]
[PlyCount "66"]
[EventDate "2019.10.06"]

1. e4 e5 2. Nf3 Nc6 3. Bb5 a6 4. Ba4 Nf6 5. d3 d6 6. c3 Be7 7. Bg5 O-O 8. O-O
b5 9. Bb3 Na5 10. Bc2 Be6 11. Nbd2 c5 12. b4 cxb4 13. cxb4 Nc6 14. a3 Qd7 15.
Bb3 a5 16. Bxe6 Qxe6 17. bxa5 Rxa5 18. Qb3 Rfa8 19. Qc3 d5 20. Bxf6 Bxf6 21.
Rfc1 Ne7 22. Qb3 h6 23. Rc5 Qd6 24. Rxb5 Rxa3 25. Rxa3 Rxa3 26. Qc2 Qa6 27. Rb3
Ra2 28. Qc5 Ra1+ 29. Nf1 dxe4 30. Nxe5 exd3 31. Nxd3 Nc6 32. Qb6 Nd4 33. Rb1
Ne2+ 0-1

[Event "SVK 3.liga A2"]
[Site "?"]
[Date "2019.10.20"]
[Round "2.6"]
[White "Sadlon, Matus"]
[Black "Sefcik, Oliver"]
[Result "1-0"]
[WhiteElo "1695"]
[BlackElo "1207"]
[PlyCount "95"]
[EventDate "2019.10.06"]

1. e4 d5 2. exd5 Qxd5 3. Nc3 Qa5 4. Nf3 c6 5. d4 Nf6 6. Bd2 Qc7 7. Be2 Bf5 8.
O-O e6 9. Ne5 Nbd7 10. Bf4 Bd6 11. g4 Bg6 12. Qd2 Nxe5 13. dxe5 Bxe5 14. Bxe5
Qxe5 15. Rad1 O-O 16. h4 h6 17. Rfe1 Qc7 18. Bf3 Rad8 19. Qc1 Rxd1 20. Bxd1 Rd8
21. h5 Bh7 22. g5 hxg5 23. Qxg5 Ne8 24. Bf3 Qd7 25. Rd1 Nd6 26. Ne4 Bxe4 27.
Bxe4 f6 28. Qg6 Qf7 29. Qh7+ Kf8 30. h6 f5 31. Bg2 g6 32. Qh8+ Ke7 33. Qd4 a6
34. c4 Qf8 35. Qh4+ Ke8 36. h7 Qh8 37. Qh6 Nf7 38. Rxd8+ Kxd8 39. Qxg6 Ke7 40.
Qg8 Kf6 41. Kf1 Ke7 42. Bf3 Qxb2 43. Bh5 Qb1+ 44. Kg2 Qe4+ 45. Kh3 Qd3+ 46. Kh2
Qd4 47. Qxf7+ Kd6 48. Qf8+ 1-0

[Event "SVK 3.liga A2"]
[Site "?"]
[Date "2019.11.03"]
[Round "3.1"]
[White "Cajka, Tibor"]
[Black "Kozinka, Roman"]
[Result "1-0"]
[WhiteElo "2139"]
[BlackElo "1957"]
[PlyCount "79"]
[EventDate "2019.10.06"]

1. Nf3 Nf6 2. g3 e6 3. Bg2 Be7 4. O-O d5 5. c4 O-O 6. d4 Nbd7 7. Qc2 c5 8. cxd5
Nxd5 9. e4 Nb4 10. Qb3 cxd4 11. Nxd4 Qb6 12. Be3 Bc5 13. Rd1 e5 14. Nf5 Bxe3
15. Nxe3 Nc5 16. Qc4 Be6 17. Nd5 Nxd5 18. exd5 Bf5 19. Nc3 Rac8 20. Qb5 Qd6 21.
Rac1 a6 22. Qe2 b5 23. Ne4 Bxe4 24. Bxe4 f5 25. Bxf5 Rxf5 26. b4 Rff8 27. bxc5
Rxc5 28. Rxc5 Qxc5 29. d6 Rd8 30. d7 a5 31. Qg4 Qc6 32. Qh5 Kf8 33. Qf5+ Qf6
34. Qxh7 Ke7 35. Qd3 b4 36. Qd5 Qe6 37. Qxa5 e4 38. Qg5+ Qf6 39. Qxf6+ gxf6 40.
h4 1-0

[Event "SVK 3.liga A2"]
[Site "?"]
[Date "2019.11.03"]
[Round "3.1"]
[White "Bango, Dominik"]
[Black "Nemeckay, Rastislav"]
[Result "0-1"]
[WhiteElo "1873"]
[BlackElo "1923"]
[PlyCount "62"]
[EventDate "2019.10.06"]

1. e4 e5 2. Nf3 Nc6 3. Bb5 a6 4. Ba4 Nf6 5. O-O b5 6. Bb3 Be7 7. Re1 d6 8. h3
Na5 9. c3 Nxb3 10. axb3 c5 11. d4 Qc7 12. Bg5 O-O 13. Nbd2 Bb7 14. Bxf6 Bxf6
15. d5 g6 16. c4 Bg7 17. Qe2 b4 18. Rf1 Qe7 19. Qe3 f5 20. Nh2 Rae8 21. f3 Qh4
22. Qf2 Qg5 23. Rfe1 Bh6 24. Nhf1 Bc8 25. Ne3 Qh5 26. Kf1 Bg5 27. Red1 Bh4 28.
Qg1 fxe4 29. Nxe4 Rxf3+ 30. Ke2 Rf2+ 31. Kd3 Qe2# 0-1

[Event "SVK 3.liga A2"]
[Site "?"]
[Date "2019.11.03"]
[Round "3.1"]
[White "Diviak, Rastislav"]
[Black "Skreko, Igor"]
[Result "1-0"]
[WhiteElo "2007"]
[BlackElo "1784"]
[PlyCount "39"]
[EventDate "2019.10.06"]

1. e4 c5 2. Nf3 d6 3. d4 cxd4 4. Nxd4 Nf6 5. Nc3 a6 6. Be2 e6 7. O-O Be7 8. f4
Qc7 9. Kh1 Nc6 10. Be3 Rb8 11. a4 Bd7 12. Qe1 Nxd4 13. Bxd4 e5 14. fxe5 dxe5
15. Qg3 Qa5 16. Bxe5 Rc8 17. Bd6 Bxd6 18. Qxd6 Bc6 19. Rf5 Qc7 20. Re5+ 1-0

[Event "SVK 3.liga A2"]
[Site "?"]
[Date "2019.11.03"]
[Round "3.1"]
[White "Capanda, Jan"]
[Black "Pericka, Tomas"]
[Result "1/2-1/2"]
[WhiteElo "1891"]
[BlackElo "1956"]
[PlyCount "46"]
[EventDate "2019.10.06"]

1. e4 c5 2. Nf3 Nc6 3. Nc3 g6 4. Bc4 Bg7 5. a3 d6 6. d3 Nf6 7. Bg5 O-O 8. h3 a6
9. O-O b5 10. Ba2 e6 11. Nh2 Qb6 12. Ng4 Nxg4 13. Qxg4 b4 14. axb4 cxb4 15. Nd1
Nd4 16. Ne3 Qc5 17. Qh4 f6 18. Bh6 Ne2+ 19. Kh1 g5 20. Qg4 Bxh6 21. Qxe2 Kh8
22. Rac1 Rb8 23. c3 b3 1/2-1/2

[Event "SVK 3.liga A2"]
[Site "?"]
[Date "2019.11.03"]
[Round "3.1"]
[White "Diviak, Rudolf"]
[Black "Lopatievov, Alexander"]
[Result "1/2-1/2"]
[WhiteElo "1772"]
[BlackElo "1854"]
[PlyCount "41"]
[EventDate "2019.10.06"]

1. e4 Nc6 2. Bc4 e6 3. Nf3 d5 4. exd5 exd5 5. Bb5 Bd7 6. O-O Be7 7. Nc3 Nf6 8.
d4 O-O 9. Bg5 Bg4 10. Bxc6 bxc6 11. Qd3 h6 12. Bh4 Nd7 13. Bxe7 Qxe7 14. Rfe1
Qf6 15. Ne5 Nxe5 16. Rxe5 Rfe8 17. Rae1 Rxe5 18. Rxe5 Qf4 19. Qe3 Qxe3 20. Rxe3
Kf8 21. Ne2 1/2-1/2

[Event "SVK 3.liga A2"]
[Site "?"]
[Date "2019.11.03"]
[Round "3.1"]
[White "Zarecky, Eduard"]
[Black "Skapik, Branislav"]
[Result "1/2-1/2"]
[WhiteElo "1807"]
[BlackElo "1753"]
[PlyCount "58"]
[EventDate "2019.10.06"]

1. d4 Nf6 2. c4 g6 3. Nc3 Bg7 4. Nf3 d6 5. e4 O-O 6. Be2 c5 7. O-O Nbd7 8. b3
cxd4 9. Nxd4 Nc5 10. f3 Ne6 11. Be3 Nxd4 12. Bxd4 Nd7 13. Bxg7 Kxg7 14. Nd5 Nb6
15. Qd4+ e5 16. Qe3 Nxd5 17. cxd5 f5 18. Rac1 Bd7 19. Rc3 fxe4 20. fxe4 Rxf1+
21. Kxf1 Rc8 22. Rxc8 Qxc8 23. Qxa7 Qc1+ 24. Kf2 Qf4+ 25. Bf3 Qh4+ 26. Ke2 Bb5+
27. Kd1 Ba6 28. h3 Qd8 29. Kc2 Qa5 1/2-1/2

[Event "SVK 3.liga A2"]
[Site "?"]
[Date "2019.11.03"]
[Round "3.1"]
[White "Hrdlicka, Martin"]
[Black "Kramar, Matus"]
[Result "1-0"]
[WhiteElo "1685"]
[BlackElo "1658"]
[PlyCount "37"]
[EventDate "2019.10.06"]

1. e4 e5 2. Nf3 Nc6 3. Bb5 a6 4. Ba4 b5 5. Bb3 Bc5 6. c3 d6 7. d4 exd4 8. cxd4
Bb4+ 9. Nc3 Nf6 10. O-O O-O 11. Bg5 h6 12. Bh4 g5 13. Nxg5 hxg5 14. Bxg5 Kg7
15. Nd5 Kg6 16. Bxf6 Qd7 17. Bc2 Qg4 18. e5+ Bf5 19. Qxg4+ 1-0

[Event "SVK 3.liga A2"]
[Site "?"]
[Date "2019.11.03"]
[Round "3.1"]
[White "Rau, Vladimir"]
[Black "Ulehla, Jakub"]
[Result "1-0"]
[WhiteElo "1693"]
[BlackElo "1727"]
[PlyCount "91"]
[EventDate "2019.10.06"]

1. d4 f5 2. c4 Nf6 3. Nc3 e6 4. Nf3 d5 5. e3 c6 6. Be2 Bd6 7. c5 Bc7 8. O-O O-O
9. Bd2 Nbd7 10. Rc1 Ne4 11. g3 Ndf6 12. Ne5 Bd7 13. a3 Be8 14. b4 Nxd2 15. Qxd2
Bh5 16. Bxh5 Nxh5 17. Qe2 Qg5 18. f4 Qh6 19. b5 Bxe5 20. dxe5 Rad8 21. Rcd1 g5
22. a4 gxf4 23. exf4 Kh8 24. Qf3 Rg8 25. Ne2 Rg4 26. Kf2 Rdg8 27. Rg1 Qf8 28.
Qc3 Qe7 29. bxc6 bxc6 30. Rb1 Nxf4 31. Nxf4 Rxf4+ 32. gxf4 Qh4+ 33. Kf3 Qh5+
34. Ke3 Qh3+ 35. Kd4 Rxg1 36. Rxg1 Qxh2 37. Qe3 Qa2 38. Qg3 Qd2+ 39. Qd3 Qxf4+
40. Kc3 Qxe5+ 41. Qd4 Qxd4+ 42. Kxd4 h5 43. Rh1 Kg7 44. Rxh5 Kg6 45. Rh8 Kf6
46. Rh6+ 1-0

[Event "SVK 3.liga A2"]
[Site "?"]
[Date "2019.11.03"]
[Round "3.2"]
[White "Takacs, Laszlo"]
[Black "Sobek, Michal"]
[Result "0-1"]
[WhiteElo "2239"]
[BlackElo "2082"]
[PlyCount "114"]
[EventDate "2019.10.06"]

1. e4 c5 2. Nf3 Nc6 3. d4 cxd4 4. Nxd4 g6 5. c4 Bg7 6. Be3 Nf6 7. Nc3 O-O 8.
Be2 d6 9. O-O Bd7 10. f3 a5 11. b3 Nxd4 12. Bxd4 Bc6 13. Qd2 Nd7 14. Be3 Nc5
15. Rab1 Be5 16. Rfd1 e6 17. Bd4 Bxd4+ 18. Qxd4 Qb6 19. a3 Rfd8 20. b4 Na4 21.
Nxa4 Qxd4+ 22. Rxd4 Bxa4 23. b5 Rac8 24. Rb2 Rc5 25. f4 Kf8 26. e5 Ke7 27. Rbd2
d5 28. cxd5 Rdxd5 29. Rxd5 exd5 30. Rb2 Bc2 31. Kf2 a4 32. Ke3 Bb3 33. Kd2 h5
34. Bd3 Ke6 35. g3 d4 36. Rb1 Kd5 37. Re1 Rc3 38. Be4+ Kc4 39. b6 d3 40. Ke3
Bc2 41. Kd2 Rxa3 42. Bxg6 Kd4 43. Re4+ Kd5 44. Bf5 Bb1 45. Re1 Ra2+ 46. Kc3
Rc2+ 47. Kb4 d2 48. Rd1 Rc4+ 49. Kb5 Bxf5 50. Rxd2+ Rd4 51. Ra2 Bd3+ 52. Ka5
Kc6 53. Ra3 Rd5+ 54. Kxa4 Kxb6 55. Rc3 Bb5+ 56. Kb4 Rd4+ 57. Kb3 Rd3 0-1

[Event "SVK 3.liga A2"]
[Site "?"]
[Date "2019.11.03"]
[Round "3.2"]
[White "Horak, Ivan"]
[Black "Cibulka, Vladimir"]
[Result "0-1"]
[WhiteElo "2025"]
[BlackElo "2149"]
[PlyCount "100"]
[EventDate "2019.10.06"]

1. e4 Nc6 2. d4 d5 3. Nc3 e6 4. Nf3 Nf6 5. e5 Ne4 6. Ne2 f6 7. exf6 gxf6 8. Ng3
Bd6 9. Bd3 f5 10. Bxe4 dxe4 11. Ng5 Qf6 12. c3 Ne7 13. Nh5 Qg6 14. g3 Bd7 15.
h4 O-O-O 16. Bf4 Nc6 17. Bxd6 cxd6 18. c4 Nb4 19. Nf4 Qf6 20. Qd2 Nc6 21. Ngxe6
Bxe6 22. Nxe6 Qxe6 23. d5 e3 24. Qd1 Qe4 25. f3 Qe5 26. dxc6 Qxg3+ 27. Ke2 Qf2+
28. Kd3 bxc6 29. Rf1 Qxh4 30. Qa4 Kb7 31. Rac1 d5 32. Qb3+ Ka8 33. c5 Rhe8 34.
Rh1 Qe7 35. Qa4 Rc8 36. Qd4 Rc7 37. Rhe1 h5 38. Rc2 Qh7 39. Qf4 Rce7 40. Rh2
Re5 41. b4 Qb7 42. Kc3 Qa6 43. Kb2 Qd3 44. Rc2 d4 45. Qh6 R5e6 46. Qxh5 Qb5 47.
Kb3 a5 48. a3 d3 49. Rc4 a4+ 50. Kc3 d2 0-1

[Event "SVK 3.liga A2"]
[Site "?"]
[Date "2019.11.03"]
[Round "3.2"]
[White "Blaho, Stefan"]
[Black "Sefcik, Marek"]
[Result "1-0"]
[WhiteElo "2055"]
[BlackElo "1992"]
[PlyCount "91"]
[EventDate "2019.10.06"]

1. d4 d6 2. Bf4 c6 3. e3 Qb6 4. Qc1 g5 5. Bg3 Bg7 6. Nd2 Bf5 7. h4 h6 8. hxg5
hxg5 9. Rxh8 Bxh8 10. Ngf3 g4 11. Nh4 Be6 12. Bd3 c5 13. c3 cxd4 14. exd4 Nd7
15. a4 Rc8 16. a5 Qc6 17. Qd1 a6 18. Qe2 Ndf6 19. c4 d5 20. c5 Nh5 21. Be5 Bxe5
22. Qxe5 Ngf6 23. g3 Kd7 24. b4 Qc7 25. Qe3 Kd8 26. Qh6 Nxg3 27. b5 Nge4 28.
Ng2 Nxd2 29. Kxd2 Ne4+ 30. Ke3 Nxc5 31. b6 Qd6 32. Rc1 Kd7 33. dxc5 Rxc5 34.
Kd4 Rxc1 35. Qxc1 f6 36. Qf4 Qb4+ 37. Ke3 Qc5+ 38. Ke2 d4 39. Ne1 Qd6 40. Qe4
Qd5 41. Nc2 Kd6 42. Nb4 Qe5 43. Qxe5+ fxe5 44. Be4 Bc4+ 45. Kd2 Kc5 46. Bxb7
1-0